| 000 | 01161nam a2200241 i 4500 | ||
|---|---|---|---|
| 001 | 170850 | ||
| 003 | ES-MaACL | ||
| 005 | 20250825070156.0 | ||
| 008 | 090413s1956 sp |||| | spa d | ||
| 100 | 1 |
_aMenéndez y Pelayo, Marcelino, _d1856-1912 _980332 |
|
| 245 | 1 | 0 |
_aHistoria de los heterodoxos españoles / _cMarcelino Menéndez Pelayo. |
| 260 |
_aMadrid : _bLa Editorial Católica, _c1956. |
||
| 300 |
_a2 v. ; _c20 cm. |
||
| 490 | 1 |
_aBiblioteca de autores cristianos ; _v150-151 |
|
| 505 | 0 | _a1. España romana y visigoda ; Período de la Reconquista ; Erasmistas y protestantes - 2. Protestantismo y sectas místicas ; Regalismo y Enciclopedia ; Heterodoxia en el siglo XIX / con un estudio final sobre Menéndez Pelayo y su "Historia de los heterodoxos" por Rafael García y García de Castro | |
| 650 | 4 |
_aHerejías- _zEspaña- _vHistoria. _9153684 |
|
| 650 | 4 |
_aProtestantes- _zEspaña. _9169548 |
|
| 651 | 4 |
_aEspaña- _xReligión- _vHistoria. _9153685 |
|
| 700 | 1 |
_aGarcía y García de Castro, Rafael, _d1895-1974 _955437 |
|
| 830 | 1 | 0 |
_aBiblioteca de autores cristianos _v150-151 _9178679 |
| 852 |
_aES-MaACL _jJ-148-49 |
||
| 999 |
_c170850 _d170850 |
||